000 00689nam a2200217Ia 4500
003 GCL
005 20240530101855.0
008 140319s9999 xx 000 0 ara d
040 _aGCL /
_cGCL
082 0 4 _a791.4
_bك ن
100 1 _aكمال سليم
245 1 0 _aالنص الكامل لسيناريو فيلم العزيمة /
_cكمال سليم
260 _a[S.N] :
_bالهيئة المصرية العامة للكتاب ،
_c1975
300 _a205 ص
650 0 4 _aالفنون
650 0 4 _aالافلام السينمائية
650 0 4 _aالسينما
650 0 4 _aالانتاج السينمائى
700 1 _aمحمد السيد شوشة
942 _2ddc
_cBK
999 _c28366
_d28366